[Event "Panevezys Elite Open 2019"]
[Site "Panevezys"]
[Date "2019.06.25"]
[Round "2.6"]
[White "Gleizerov, Evgeny"]
[Black "Stauskas, Lukas"]
[Result "0-1"]
[WhiteElo "2495"]
[BlackElo "2306"]
[Annotator "TA"]
[PlyCount "98"]
[EventDate "2019.06.24"]
[EventType "swiss"]
[EventCountry "LTU"]
[SourceTitle "playchess.com"]
[Source "ChessBase"]
[SourceQuality "1"]

{[%evp 14,98,-25,-25,20,12,12,-14,-23,-30,10,-18,0,-8,0,-33,-24,-95,-61,-89,-87,-86,-85,-74,-49,-79,-76,-69,-78,-101,-78,-64,-61,-45,-43,-48,0,-38,-18,-20,-15,-21,-35,-68,-10,0,0,0,2,0,9,0,26,-29,0,-27,-27,-28,-22,-22,-23,-22,-18,-18,0,-82,-60,-82,-66,-110,-83,-90,-81,-344,-329,-428,-428,-428,-425,-416,-265,-416,-416,-2154,-1796,-29968,-29952]} 1. d4 Nf6 2. c4 e6 3. g3 d5 4. Nf3 Be7 5. Bg2 O-O 6. O-O dxc4 7. Nc3 Nc6 8. e3 Bd6 {E05: Open Catalan: 5 Nf3 Be7} (8... Rb8 9. Qa4 Nb4 10. Qxa7 Bd7 11. Ne5 Nfd5 12. Qxb8 Qxb8 13. Nxd7 Qa7 14. Nxf8 Bxf8 15. Bd2 c6 16. b3 b5 17. bxc4 bxc4 {1-0 (48) Miton,K (2591)-Lysyj,I (2666) Warsaw 2013}) 9. Nd2 e5 10. d5 Na5 $1 {The position is equal.} 11. Qe2 $146 ({Predecessor:} 11. Qa4 b6 12. Nde4 Nxe4 13. Nxe4 Bd7 14. Qc2 a6 15. Bd2 Nb7 16. Bc3 {½-½ (38) Sokolin,L (2515)-Payen,A (2415) New York 1999}) 11... b6 12. Rd1 Ba6 13. b3 {[%cal Rb3c4]} b5 14. bxc4 bxc4 15. g4 (15. Rb1 $11) 15... h6 (15... Rb8 {is more complex.} 16. h3 Nd7 17. Nde4 Nb7 18. Rb1 Nbc5) 16. Nde4 Nxe4 17. Nxe4 Nb7 18. Bb2 Re8 19. Bc3 Nc5 20. Nxc5 Bxc5 21. Qc2 Qd7 22. h3 Rab8 23. Rab1 Rxb1 24. Rxb1 h5 25. Be4 hxg4 26. Bf5 $1 {[%cal Rf5d7]} Qd6 {Hoping for ...gxh3.} 27. hxg4 g6 ({Don't play} 27... Qxd5 $6 28. Qa4 $16) 28. Be4 Qd7 ({Black should play} 28... Bc8 $1 $15) 29. Bf3 $1 $11 Bf8 30. Kg2 Bg7 31. Rd1 Bb7 32. e4 Ba6 33. Bd2 (33. Qd2 $142) 33... c6 {Threatens to win with ...cxd5.} 34. d6 Qxd6 35. Qa4 Bb5 36. Qxa7 Qb8 $36 {[%mdl 2048] Black has some pressure.} 37. Qe3 Qa8 38. Bc3 Qxa2 39. Rd7 (39. Ra1 $1 $11 Qc2 40. Be2) 39... Qa3 40. Qd2 Bf8 41. g5 Qa8 {White must now prevent ...c5.} 42. Qe3 Qc8 43. Qa7 $2 {[%mdl 8192] [#]} (43. Ra7 $17) 43... Bc5 $1 $19 {[%cal Rc5a7][%mdl 576] Deflection} 44. Qxc5 Qxd7 45. Bxe5 Ba4 46. Bf6 Bd1 {( -> ...Bxf3+)} 47. Bxd1 (47. Qxc4 {is the only way for White.} Bxf3+ 48. Kxf3) 47... Qxd1 48. f3 {[#]} (48. Qxc4 $142 Qg4+ {[%mdl 64] Double Attack} 49. Kh2) 48... Ra8 $1 49. Qxc4 Ra3 {Accuracy: White = 39%, Black = 54%.} 0-1

[Event "Panevezys Elite Open 2019"]
[Site "Panevezys"]
[Date "2019.06.25"]
[Round "2.7"]
[White "Semjonovs, Ilja"]
[Black "Sliwicka, Alicja"]
[Result "1/2-1/2"]
[WhiteElo "2383"]
[BlackElo "2261"]
[Annotator "TA"]
[PlyCount "95"]
[EventDate "2019.06.24"]
[EventType "swiss"]
[EventCountry "LTU"]
[SourceTitle "playchess.com"]
[Source "ChessBase"]
[SourceQuality "1"]

{[%evp 9,95,21,41,18,53,22,22,22,28,29,45,29,27,20,16,24,21,20,21,22,17,17,16,12,22,-1,9,-28,-6,-37,-49,-52,-46,-53,-66,-47,-5,-31,-35,-27,0,-8,-8,-9,-9,-22,-7,0,0,-22,0,0,0,0,17,12,15,0,0,0,0,0,0,0,0,0,0,0,0,0,0,0,0,0,0,0,0,0,0,0,0,0,0,0,0,0,0,0]} 1. Nf3 d6 2. e4 c5 3. d4 cxd4 4. Nxd4 Nf6 5. Nc3 Bd7 6. g3 {B56: Classical Sicilian: Unusual Lines} (6. Bc4 e6 7. Qe2 a6 8. g4 b5 9. g5 bxc4 10. gxf6 Qxf6 11. Qxc4 Nc6 12. Nxc6 Rc8 13. Rg1 Rxc6 14. Qd3 {½-½ (45) Nepomniachtchi,I (2763)-Zvjaginsev,V (2642) Moscow 2018}) 6... e5 7. Nb3 Be7 8. Bg2 Bc6 9. O-O O-O 10. Qd3 $146 ({Predecessor:} 10. Qe2 Nbd7 11. a4 b6 12. Rd1 a6 13. Be3 Bb7 {0-1 (42) Jakovenko,D (2506)-Solak,D (2490) Yerevan 2000}) 10... Nbd7 11. h3 Rc8 12. Be3 Nc5 13. Nxc5 dxc5 14. Qc4 Qa5 15. a3 b5 16. Qe2 Rfd8 17. f4 Qc7 18. g4 Qb7 19. Qf3 exf4 20. Qxf4 Bd6 21. Qf5 Re8 {[%cal Rf6e4]} 22. Rad1 Bb8 ({Don't blunder} 22... Nxe4 $2 23. Nxe4 Bxe4 24. Rxd6 $18) 23. Bxc5 (23. Bf4 {seems wilder.} Bxf4 24. Rxf4 Qc7 25. Nd5 Bxd5 26. exd5 Rcd8 27. Rff1) 23... Re5 24. Qf2 Nxe4 (24... a5 {looks sharper.} 25. Bd4 Re6 26. Rfe1 b4 27. Nd5 Nxd5 28. exd5 Bxd5 29. Bxd5 Qxd5 30. Rxe6 Qxe6 31. Re1 Qd5) 25. Nxe4 {The position is equal.} Bxe4 26. Bxe4 Rxe4 27. Rde1 {[#] Threatens to win with Rxe4.} Rxe1 28. Rxe1 h6 29. Bd4 Qd5 30. c3 a5 31. Qf5 Qxf5 32. gxf5 $11 {[%mdl 4096] Endgame KRB-KRB} Bd6 33. b4 axb4 34. axb4 f6 35. Kg2 Rc4 36. Rd1 Kf7 37. Kf3 Be5 38. Ke4 Bxd4 39. cxd4 Rxb4 {KR-KR} 40. Kd5 Rb3 41. Kc6 b4 ({Don't take} 41... Rxh3 42. Rb1 $15) 42. d5 Rc3+ 43. Kd7 b3 44. Re1 Rxh3 45. d6 b2 {[#] And now ...Re3! would win.} 46. Re7+ $1 Kf8 (46... Kg8 $5 47. Re8+ $8 Kh7 $11) 47. Re8+ Kf7 48. Re7+ {Accuracy: White = 62%, Black = 68%.} 1/2-1/2

[Event "Panevezys Elite Open 2019"]
[Site "Panevezys"]
[Date "2019.06.25"]
[Round "2.8"]
[White "Juksta, Karolis"]
[Black "Kubicka, Anna"]
[Result "1/2-1/2"]
[WhiteElo "2261"]
[BlackElo "2162"]
[Annotator "TA"]
[PlyCount "56"]
[EventDate "2019.06.24"]
[EventType "swiss"]
[EventCountry "LTU"]
[SourceTitle "playchess.com"]
[Source "ChessBase"]
[SourceQuality "1"]

{[%evp 15,56,36,39,45,98,98,94,83,93,89,66,25,19,26,23,34,56,24,141,141,147,142,139,143,143,129,139,24,177,167,265,234,315,-162,-163,-176,-173,-168,0,0,0,-164,0]} 1. d4 g6 2. e4 Bg7 3. c4 d6 4. Nc3 e5 5. Nge2 Nc6 6. Be3 exd4 7. Nxd4 Nge7 8. h4 f5 9. h5 {A42: Modern Defence: Averbakh Variation} O-O (9... fxe4 $14 10. Nxe4 Nf5) (9... fxe4 10. hxg6 hxg6 11. Rxh8+ Bxh8 12. Nxe4 Bf5 13. Nxf5 Nxf5 14. Bg5 Qd7 15. Qd2 Nce7 16. O-O-O O-O-O {1-0 (24) Grischuk,A (2766)-Nepomniachtchi,I (2757) chess.com INT 2018}) 10. hxg6 $16 hxg6 11. Nxc6 {White is better.} Nxc6 12. Qd5+ Rf7 13. Qd2 $146 ({Predecessor:} 13. c5 f4 14. Bxf4 Nd4 15. Qg5 Nc2+ 16. Kd1 Qxg5 17. Bxg5 Rxf2 {0-1 (33) Schebler,G (2484)-Berkvens,J (2453) Germany 2003}) 13... Qf6 14. exf5 Bxf5 15. O-O-O a5 16. Be2 a4 (16... Re8 $11) 17. g4 $1 $36 {[%cal Rg4f5][%mdl 2048] White is in control.} Be6 {Threatens to win with ...a3.} 18. Nd5 Bxd5 19. cxd5 {g5 is the strong threat.} Na5 20. g5 Qe5 21. f4 ({White should play} 21. Qc3 $1 $16) 21... Nb3+ $2 (21... Qe4 $11 {and Black is okay.} 22. Bd3 Qxd5 23. Bxg6 (23. Qh2 $2 Qxa2 24. Bxg6 a3 $19) 23... Qxa2 24. Bxf7+ Kxf7 25. Qd5+ Qxd5 26. Rxd5 Nc4 {[%mdl 64] Double Attack}) 22. axb3 $18 axb3 (22... Rxf4 $142 23. Bxf4 axb3) 23. Bd3 (23. fxe5 $2 {gets mated.} Ra1#) 23... Qxd5 {( -> ...Ra1+)} 24. Qb4 $4 {[%mdl 8192]} (24. Kb1 $18 Ra5 25. Qb4 (25. Bxg6 Qb5 $11)) 24... Ra1+ $19 {[%mdl 1024] Black has strong compensation.} 25. Kd2 Qg2+ 26. Be2 Qd5+ 27. Bd3 Qg2+ 28. Be2 {[#]} Qd5+ $2 {Accuracy: White = 67%, Black = 28%.} ({Black should try} 28... Ra2 $1 $19 {[%cal Ra2b2][%mdl 512]} 29. Bd4 Qe4 30. Qxb3 Qxd4+ {[%mdl 64] Double Attack} 31. Ke1 Rxb2 32. Qxf7+ Kxf7 33. Rxd4 Bxd4) 1/2-1/2

[Event "Panevezys Elite Open 2019"]
[Site "Panevezys"]
[Date "2019.06.25"]
[Round "2.9"]
[White "Rudzinska, Michalina"]
[Black "Zhukov, Anton"]
[Result "1-0"]
[WhiteElo "2143"]
[BlackElo "2178"]
[Annotator "TA"]
[PlyCount "103"]
[EventDate "2019.06.24"]
[EventType "swiss"]
[EventCountry "LTU"]
[SourceTitle "playchess.com"]
[Source "ChessBase"]
[SourceQuality "1"]

{[%evp 21,103,-5,0,0,95,95,119,109,87,-13,84,93,95,94,90,92,99,42,52,34,80,0,95,88,131,123,157,141,174,139,156,63,108,77,150,137,135,79,56,43,39,45,217,216,209,205,234,248,254,249,230,239,290,272,357,351,334,297,415,408,700,697,685,674,686,658,2160,1774,856,843,4830,4814,3072,2357,6207,5728,29953,12440,29977,29976,29977,29979,29977,29978]} 1. e4 c5 2. Nf3 d6 3. d4 cxd4 4. Nxd4 Nf6 5. Nc3 a6 6. Bg5 e6 7. f4 Nbd7 8. Qf3 Qc7 9. O-O-O b5 10. Bd3 Bb7 11. Rhe1 Qb6 12. Nd5 {B96: Sicilian Najdorf: 6 Bg5 e6 7 f4, lines other than 7...Qb6 and 7...Be7} (12. Bxf6 Nxf6 13. f5 b4 14. Nce2 e5 15. Nb3 h5 16. Kb1 Be7 17. Nd2 Rc8 18. Nc4 Rxc4 19. Bxc4 Bxe4 20. Qb3 O-O {½-½ (39) Jakovenko,D (2735)-Gelfand,B (2731) Ashdod 2015}) 12... Qxd4 ({But not} 12... Nxd5 $2 13. exd5 Nf6 14. Be4 $18) (12... exd5 $11 13. Nc6 (13. exd5+ Kd8 $15) 13... dxe4 14. Bxe4 Nc5 15. Bxf6 gxf6) 13. Bxf6 $1 $16 gxf6 {[#]} 14. Bxb5 $1 {[%mdl 512] White is better.} Qc5 (14... axb5 15. Rxd4) 15. Nxf6+ (15. b4 $1 $16 Qxb5 16. Nc7+ {[%mdl 64] Double Attack} Kd8 17. Nxb5 axb5 18. Qh5) 15... Ke7 (15... Kd8 $1 $11 16. Nxd7 (16. Bxd7 Be7 $11) 16... Qxb5 17. Nxf8 Rxf8) 16. Bxd7 {Strongly threatening Qg4.} Bg7 17. Nh5 Bxb2+ 18. Kxb2 {Black must now prevent Ba4.} Kxd7 19. Qa3 (19. Qb3 Rhb8 $17) ({White should try} 19. Ka1 $16) 19... Qxa3+ $14 20. Kxa3 Rac8 $146 21. Kb2 (21. e5 $16) 21... Rc5 (21... Ke7 $11 {keeps the balance.}) 22. e5 $1 $36 {[%mdl 2048] White is on the roll.} Rb5+ 23. Kc1 d5 24. Re3 Ra5 25. a3 Rc5 26. Rg3 (26. Nf6+ $16 Ke7 27. Rb3) 26... Ke7 27. Nf6 Rc4 (27... Rhc8 $142) 28. Rb3 Bc6 29. Rb6 (29. Rdd3 $142) 29... Rc8 30. Rxa6 {Hoping for Ra7+.} Ba4 31. Ra7+ Kf8 $2 {[#]} (31... Kd8 $1 $14) 32. Rxa4 $1 $18 ({Weaker is} 32. Nxh7+ Kg7 $11) 32... Rxa4 {[%mdl 4096] Endgame [#] KRR-KRN} 33. Nd7+ $1 Ke7 34. Nb6 $1 {[%csl LRa4,LRc8][%mdl 64] Double Attack} Rca8 35. Nxa8 Rxa8 {KR-KR} 36. Rd3 Kd7 37. Kb2 Ra4 38. g3 Kc6 39. Rc3+ Kb6 40. Rc8 Re4 (40... h5 $142 41. Rh8 Ra7 42. Rxh5 Kc5) 41. Rf8 Re2 42. Rxf7 Rxh2 43. Rf6 Rg2 44. Rxe6+ Kc5 45. f5 d4 46. f6 {White threatens f7 and mate.} Rf2 47. Kc1 Kc4 48. Re7 d3 49. cxd3+ Kc3 50. Rc7+ {White mates.} Kd4 51. Rc4+ Kxe5 {[#]} 52. Rf4 $1 {[%mdl 64] Promotion. Accuracy: White = 72%, Black = 23%.} 1-0

[Event "Panevezys Elite Open 2019"]
[Site "Panevezys"]
[Date "2019.06.25"]
[Round "2.10"]
[White "Cholleti Sahajasri"]
[Black "Harshita Guddanti"]
[Result "1/2-1/2"]
[WhiteElo "2207"]
[BlackElo "2072"]
[Annotator "RC"]
[PlyCount "51"]
[EventDate "2019.06.24"]
[EventType "swiss"]
[EventCountry "LTU"]
[SourceTitle "playchess.com"]
[Source "ChessBase"]
[SourceQuality "1"]
[TimeControl "40/5400+30:1800+30"]

1. d4 {[%emt 0:01:55]} Nf6 {[%emt 0:00:00]} 2. c4 {[%emt 0:00:36]} e6 {[%emt 0:03:50]} 3. g3 {[%emt 0:00:07]} d5 {[%emt 0:00:05]} 4. Nf3 {[%emt 0:00:11]} dxc4 {[%emt 0:00:09]} 5. Bg2 {[%emt 0:00:10]} Bb4+ {[%emt 0:00:25]} 6. Bd2 {[%emt 0:01:12]} a5 {[%emt 0:01:43]} 7. Qc2 {[%emt 0:02:21]} Nc6 {[%emt 0:01:02]} 8. Qxc4 {[%emt 0:04:30]} Qd5 {[%emt 0:00:42]} 9. Qxd5 {[%emt 0:02:38]} exd5 {[%emt 0:00:07]} 10. Nc3 {[%emt 0:00:43]} Bxc3 {[%emt 0:13:06]} 11. Bxc3 {[%emt 0:03:07]} Ne4 {[%emt 0:00:06]} 12. Nd2 {[%emt 0:03:38]} Nxd2 {[%emt 0:02:39]} 13. Kxd2 {[%emt 0:00:38]} Be6 {[%emt 0:04:16]} 14. b3 {[%emt 0:05:43]} a4 {[%emt 0:01:37]} 15. Rhb1 {[%emt 0:06:50]} O-O {[%emt 0:07:17]} 16. e3 {[%emt 0:04:53]} Na5 {[%emt 0:14:04]} 17. Bxa5 {[%emt 0:03:26]} Rxa5 {[%emt 0:03:29]} 18. b4 {[%emt 0:13:28]} Ra6 {[%emt 0:04:06]} 19. a3 {[%emt 0:00:22]} b5 {[%emt 0:02:14]} 20. Rc1 {[%emt 0:00:39]} c6 {[%emt 0:01:00]} 21. Rc5 {[%emt 0:03:06]} f5 {[%emt 0:02:37]} 22. f3 {[%emt 0:02:53]} Bd7 {[%emt 0:03:10]} 23. Re1 {[%emt 0:00:24]} Raa8 {[%emt 0:01:47]} 24. Bh3 {[%emt 0:08:19]} Rad8 {[%emt 0:01:40]} 25. Rg1 {[%emt 0:03:00]} Rf6 {[%emt 0:01:40]} 26. Bf1 1/2-1/2

[Event "Panevezys Elite Open 2019"]
[Site "Panevezys"]
[Date "2019.06.25"]
[Round "2.11"]
[White "Juknis, Paulius"]
[Black "Sinitsina, Anastassia"]
[Result "1/2-1/2"]
[WhiteElo "2169"]
[BlackElo "2095"]
[Annotator "TA"]
[PlyCount "84"]
[EventDate "2019.06.24"]
[EventType "swiss"]
[EventCountry "LTU"]
[SourceTitle "playchess.com"]
[Source "ChessBase"]
[SourceQuality "1"]

{[%evp 19,84,41,37,39,27,12,14,20,28,16,29,0,0,0,18,8,9,7,17,8,22,26,36,25,22,16,39,42,57,19,30,10,72,73,68,79,102,104,135,129,138,83,104,102,122,112,139,126,158,159,238,111,258,124,136,120,126,11,9,6,6,6,27,0,0,0,0]} 1. c4 Nf6 2. g3 e5 3. Bg2 d5 4. cxd5 Nxd5 5. Nf3 Nc6 6. O-O Be7 7. d4 exd4 8. Nxd4 Nxd4 9. Qxd4 Nf6 10. Qa4+ c6 11. Rd1 {A20: English Opening: 1...e5} Bd7 (11... Qb6 12. Be3 Bc5 13. Bxc5 Qxc5 14. b4 Qb6 15. Na3 O-O 16. Nc4 Qc7 17. Qa5 Qe7 18. Nb6 Rb8 19. Nxc8 Rfxc8 20. Qxa7 {½-½ (72) Tan,Z (2513)-Tokhirjonova,G (2435) Khanty-Mansiysk 2018}) 12. Bh3 O-O 13. Bg5 $146 {[#] aiming for Bxf6.} ({Predecessor:} 13. Bh6 Qb6 14. Bxd7 Qxb2 15. Bd2 b5 16. Qa5 Nxd7 17. Bc3 Qxe2 18. Re1 Qg4 19. Rxe7 {1-0 (39) Engel,L (2276)-Muha,M (2257) Poprad 2016}) 13... Qe8 14. Bxd7 Nxd7 15. Bxe7 (15. Be3 {keeps more tension.} Qc8 16. Nc3 Nf6 17. f3 Qe6 18. Bd4) 15... Qxe7 16. Nc3 Nf6 17. Rd2 Rfe8 18. Rad1 h6 19. Qa5 b6 20. Qa6 Qc5 21. Qd3 b5 22. Qd4 Qf5 23. f3 a5 24. Kg2 Qe6 25. b3 Qe3 (25... g5 $1 $11) 26. Qxe3 $16 Rxe3 27. Rc1 Re6 28. e4 a4 29. bxa4 bxa4 30. a3 (30. Ne2 $142) 30... Re5 31. Ne2 Ra6 32. Rc4 Rb5 33. Nd4 Rb1 34. Nxc6 Rb3 (34... Rbb6 $16) 35. Nb4 (35. e5 $18 {and White stays clearly on top.}) 35... Rb6 (35... Ra8 $16) 36. Nd5 (36. e5 $18 {has better winning chances.}) 36... Ra6 37. Nxf6+ Rxf6 38. Rxa4 (38. f4 $16) 38... Rfxf3 {KRR-KRR} 39. Ra8+ Kh7 40. a4 Rfe3 41. Ra2 {Threatens to win with a5.} Rxe4 42. a5 {a6 is the strong threat.} Reb4 {Accuracy: White = 41%, Black = 37%.} 1/2-1/2

[Event "Panevezys Elite Open 2019"]
[Site "Panevezys"]
[Date "2019.06.25"]
[Round "2.12"]
[White "Kalinowska, Zuzanna"]
[Black "Zaura, Vidmantas"]
[Result "1/2-1/2"]
[WhiteElo "2093"]
[BlackElo "2223"]
[Annotator "TA"]
[PlyCount "120"]
[EventDate "2019.06.24"]
[EventType "swiss"]
[EventCountry "LTU"]
[SourceTitle "playchess.com"]
[Source "ChessBase"]
[SourceQuality "1"]

{[%evp 15,120,-20,0,-18,-18,-23,-22,-33,-14,-15,-15,-17,-5,-18,-24,-52,0,-35,-44,-39,-52,-85,-10,-83,-83,-115,-79,-73,-77,-275,-110,-219,-34,-56,-37,-53,0,0,-6,-21,-13,-36,130,113,118,-101,-129,-105,-87,-192,-187,-374,-106,-297,-200,-334,-329,-321,-289,-283,17,12,10,19,12,-87,-106,-168,-168,-179,-170,-262,-9,-12,-14,-15,-20,-14,-12,-18,-8,-18,0,-167,-138,-136,-139,-121,-141,-1248,-193,-193,-193,-196,-145,-146,-127,-127,-29,-127,-8,-127,-8,-8,-8,-8,0]} 1. d4 d5 2. c4 c6 3. Nf3 Nf6 4. e3 Bf5 5. Qb3 Qb6 6. Nc3 e6 7. c5 Qc7 8. Qa4 Nbd7 9. b4 {D12: Slav Defence: 3 Nf3 Nf6 4 e3 Bf5} Be7 10. Be2 O-O 11. O-O e5 12. b5 Ne4 13. Bb2 Bg4 $146 {Strongly threatening ...Nxc3.} ({Predecessor:} 13... Nxc3 14. Bxc3 e4 15. Nd2 Bg5 16. bxc6 bxc6 {1-0 (36) Ortega,L (2475)-Trumpf,W (2150) Cesenatico 1998}) 14. Rfe1 exd4 15. exd4 Bf6 (15... f5 $1 $15) 16. Rac1 Rfe8 17. bxc6 bxc6 18. h3 Bf5 (18... Bxf3 $17 19. Bxf3 Bg5 20. Bxe4 Bxc1 21. Bxc1 dxe4) 19. Nd1 (19. Bd3 $11) 19... Rab8 $17 20. Ba3 Nf8 21. Ne3 Bd7 22. Bb4 $2 (22. Rc2 $17) 22... Ng6 (22... Qf4 $1 $19 {and Black stays clearly on top.} 23. Rf1 Ne6) 23. Ba5 (23. Rc2 $17) 23... Qc8 $2 (23... Qf4 $1 $19 24. Rf1 (24. Nxd5 $2 cxd5 25. Qxd7 Bh4 $19 {[%mdl 64] Decoy}) 24... Ng3 $1 {[%mdl 576] Double Attack}) 24. Bf1 $15 Nf4 {[%cal Rd7h3]} 25. Rb1 g5 (25... h5 $15) 26. Rxb8 Qxb8 27. Qc2 h5 28. Rb1 (28. Nc4 $5) 28... Nxh3+ $2 (28... Qc8 $15 {keeps the upper hand.}) 29. gxh3 $16 Qf4 30. Ne1 $2 (30. Ne5 $1 $16 {is forced if you want to stay better.}) 30... Bxd4 $17 {[%mdl 64] Double Attack} 31. N1g2 Qf6 32. Be1 (32. Bd3 $17) 32... Bxh3 $19 33. Rb3 $2 (33. Bd3) 33... Bc8 $2 (33... g4 $19 {is more deadly.} 34. Be2 Bxg2 35. Kxg2 Qe5) 34. Qd1 $2 (34. Bd3 $17) 34... h4 ({Less strong is} 34... Nxc5 35. Rb4 $17) ({Weaker is} 34... Bxc5 35. Bd3 $17) 35. Bd3 (35. Rb8 {is the only way for White.} Qe5 36. Ra8 Bxc5 37. Ng4) 35... Nxc5 36. Rb8 {Threatening Bf5!} Nxd3 37. Qxd3 Bd7 $2 ({Black should play} 37... Bxe3 $19 38. Nxe3 d4) 38. Rxe8+ $11 Bxe8 39. Ng4 Qg7 {[#]} 40. Qf5 (40. Nh6+ $1 $11 {[%mdl 512]} Qxh6 41. Qxd4) 40... Qg6 $17 41. Qc8 (41. Bd2 $17 {keeps fighting.}) 41... Qe6 $19 42. Qxe6 fxe6 43. Bd2 (43. Kh2 $142) 43... h3 $2 (43... Bh5 $19 44. Nh2 Bf6) 44. Ne1 $11 Bh5 45. Nf3 $1 {[%cal Rf3d4]} Bb2 46. Nfe5 Bxg4 47. Nxg4 c5 {[%cal Bc6c5,Bc5c4,Bc4c3][%mdl 32] Black wants to play ...Kf7.} 48. Bxg5 c4 49. Ne3 $2 (49. Kh2 $11) 49... Kf7 {[%mdl 1024] Black has strong compensation.} 50. Kh2 Bf6 51. Bf4 {[#]} c3 $1 52. Nc2 $2 {[%mdl 8192]} (52. Ng4 $17) 52... e5 $2 (52... d4 53. Nb4 e5 54. Kxh3 exf4) 53. Bc1 $19 d4 {aiming for ...d3.} 54. Kxh3 d3 (54... e4 $19 {Threatens to win with ...d3.} 55. Kg4 Ke6) 55. Kg4 $17 dxc2 56. Kf5 Bg7 (56... a6 $17 57. Bh6 Ke7) 57. Ke4 (57. f4 $1 $11) 57... Ke6 ({Better is} 57... Kg6 $17 {Hoping for ...Bh6.} 58. Kd3 {[%mdl 64] Double Attack} Kf5 59. Kxc3 e4+ 60. Kxc2 Bd4) 58. Kd3 {[#]} (58. f3 $11 {remains equal.}) 58... Kd5 ({Black should try} 58... Kf5 $1 $17 {...e4+ is the strong threat.} 59. f3 Bf6 60. Kxc2 Bg5) 59. Kxc3 $11 e4+ 60. Kxc2 Bd4 {Accuracy: White = 27%, Black = 26%.} 1/2-1/2

[Event "Panevezys Elite Open 2019"]
[Site "Panevezys"]
[Date "2019.06.25"]
[Round "2.13"]
[White "Stasans, Aivars"]
[Black "Kaunas, Kestutis"]
[Result "0-1"]
[WhiteElo "2039"]
[BlackElo "2151"]
[Annotator "TA"]
[PlyCount "22"]
[EventDate "2019.06.24"]
[EventType "swiss"]
[EventCountry "LTU"]
[SourceTitle "playchess.com"]
[Source "ChessBase"]
[SourceQuality "1"]

{[%evp 14,22,22,15,44,40,94,-6,0,-728,-683]} 1. e4 Nf6 2. e5 Nd5 3. d4 d6 4. Bc4 Nb6 5. Bb3 dxe5 6. Qh5 e6 7. dxe5 Nc6 {[%cal Bb8c6,Bc6d4,Bd4e2][%mdl 32]} 8. Nf3 g6 {B03: Alekhine's Defence: Four Pawns Attack} (8... Bb4+ 9. c3 Be7 10. O-O {½-½ (10) Shinkevich,V (2439)-Reprintsev,A (2371) Moscow 2018}) 9. Qg4 h5 (9... Nd7 $14) 10. Qg3 $146 (10. Qe4 $16) ({Predecessor:} 10. Qe4 Na5 11. Nc3 Bd7 12. Bf4 Bc6 13. Qe2 Nxb3 14. axb3 Bh6 15. Bxh6 Rxh6 16. O-O {1-0 (39) English,R (1937)-Fabri,H (1941) England 2017}) 10... Nd4 11. O-O $2 {[%mdl 8192] [#]} (11. Nbd2 $11) 11... Ne2+ {[%mdl 64] Double Attack} 0-1

[Event "Panevezys Elite Open 2019"]
[Site "Panevezys"]
[Date "2019.06.25"]
[Round "3.1"]
[White "Laurusas, Tomas"]
[Black "Krishna Teja, N."]
[Result "1/2-1/2"]
[WhiteElo "2507"]
[BlackElo "2357"]
[Annotator "TA"]
[PlyCount "42"]
[EventDate "2019.06.24"]
[EventType "swiss"]
[EventCountry "LTU"]
[SourceTitle "playchess.com"]
[Source "ChessBase"]
[SourceQuality "1"]

{[%evp 9,42,29,37,11,18,13,15,-6,-7,-11,-4,-39,-32,-42,-28,-26,20,31,36,21,14,14,16,11,14,23,26,19,37,31,19,27,24,18,10]} 1. d4 d5 2. c4 c6 3. Nf3 Nf6 4. e3 Bf5 5. Nc3 a6 6. Nh4 {D15: Slav Defence: 4 Nc3 a6 and gambit lines after 4 Nc3 dxc4} Bg4 (6... Be6 7. c5 g6 8. Bd3 Bg7 9. O-O O-O 10. b4 Bc8 11. f4 Ne8 12. Qe1 a5 13. Na4 axb4 {1-0 (55) Nakamura,H (2761)-Topalov,V (2740) Abidjan 2019}) 7. Qb3 b5 8. cxd5 cxd5 9. h3 Bc8 $1 10. a4 b4 $1 {[%cal Rb4c3]} 11. Qxb4 e5 $1 12. Qb3 exd4 $146 ({Predecessor:} 12... e4 13. g3 Nc6 {1-0 (59) Volkov,S (2612)-Akbari Gelvardi,M (2261) Bandar e Anzali 2018}) 13. exd4 Nc6 14. Qd1 Bb4 {Threatens to win with ...Ne4.} 15. Nf3 Ne4 16. Bd2 O-O 17. Be2 Nxd2 18. Qxd2 Bf5 19. O-O Be4 20. Rad1 Re8 21. Qf4 Bd6 {Accuracy: White = 58%, Black = 68%.} 1/2-1/2

[Event "Panevezys Elite Open 2019"]
[Site "Panevezys"]
[Date "2019.06.25"]
[Round "3.2"]
[White "Brazdzionis, Andrius"]
[Black "Krivonosov, Oleg"]
[Result "1/2-1/2"]
[WhiteElo "2337"]
[BlackElo "2411"]
[Annotator "TA"]
[PlyCount "54"]
[EventDate "2019.06.24"]
[EventType "swiss"]
[EventCountry "LTU"]
[SourceTitle "playchess.com"]
[Source "ChessBase"]
[SourceQuality "1"]

{[%evp 13,14,8,18]} 1. d4 d5 2. c4 e6 3. Nf3 Nf6 4. Nc3 Be7 5. Bg5 h6 6. Bh4 O-O 7. e3 Ne4 {Predecessor:} 8. Bxe7 $146 Qxe7 9. Rc1 c6 10. Bd3 Nxc3 11. Rxc3 dxc4 12. Bxc4 Nd7 13. O-O b6 14. Qe2 Bb7 15. Ba6 Bxa6 16. Qxa6 c5 17. Rfc1 Rfd8 18. h3 e5 19. Qb7 Rdb8 20. Qe4 Re8 21. Rd1 exd4 22. Qxe7 Rxe7 23. exd4 Re2 24. Rd2 Rxd2 25. Nxd2 Rd8 26. Nb3 cxd4 27. Rd3 Re8 {½-½ (27) Le,Q (2715)-Nakamura,H (2763) chess.com INT 2018} 1/2-1/2